00303nam a2200097Ia 4500008004100000100003100041245003900072260006300111650001200174999001900186160725s9999 xx 000 0 und d aRebadulla, Giovanni Clyde. aHumanism as a teaching philosophy. bKaizen Research Journal College of NursingcSeptember 2012 aNURSING c298016d298016